000 00589nam a2200217Ia 4500
005 20250508150452.0
008 008 250505s9999 xx 000 0 eng d
037 _aTextual
040 _aFEDL
_beng
_cFEDL
041 _aeng
_2eng
084 _a150, MOR
_qFEDL
100 _aMorgan John J B
_9755803
245 0 _aIntroduction to psychology
260 _aNew York, USA
_bThe Macmillan Company
_c1947
300 _aix,319p.
365 _aINR
_b110
650 _aPsychology
700 _a Gilliland A R
_9756762
942 _cTEXL
_h150, MOR
999 _c1323800
_d1323800